Introducción al derecho
Sábháilte in:
| Príomhchruthaitheoir: | |
|---|---|
| Formáid: | LEABHAR |
| Teanga: | Spáinnis |
| Foilsithe / Cruthaithe: |
Madrid
Pirámide
1982
|
| Eagrán: | 5a. ed |
| Ábhair: | |
| Clibeanna: |
Cuir clib leis
Níl clibeanna ann, Bí ar an gcéad duine le clib a chur leis an taifead seo!
|
MARC
| LEADER | 00000nam a2200000 a 4500 | ||
|---|---|---|---|
| 001 | UCS6581 | ||
| 003 | CL-VaPUC | ||
| 008 | 970926e19820000SP |||||||||||||||||spa|d | ||
| 082 | 0 | 4 | |a 340.1 |b REA |2 21 |
| 100 | 0 | |a Reale, Miguel |e author |9 391905 | |
| 245 | 1 | 0 | |a Introducción al derecho |
| 250 | |a 5a. ed | ||
| 300 | |a 286 p | ||
| 942 | |c BK | ||
| 945 | |d 19970926 00:00:00 |a lriquelm | ||
| 260 | |a Madrid |b Pirámide |c 1982 | ||
| 650 | 7 | |a INTRODUCCION AL DERECHO |2 CL-VaPUC |9 257015 | |
| 650 | 0 | |a Teoría del derecho |9 255982 | |
| 650 | 0 | |a Filosofía del derecho |9 255050 | |
| 650 | 0 | |a Normas jurídicas |9 258310 | |
| 650 | 0 | |a Derecho subjetivo |9 256705 | |
| 650 | 0 | |a Fuentes del derecho |9 255162 | |
| 650 | 7 | |a INTERPRETACION DEL DERECHO |2 CL-VaPUC |9 391906 | |
| 650 | 0 | |a Ética |9 255099 | |
| 650 | 0 | |a Actos jurídicos |9 255748 | |
| 650 | 0 | |a Hermenéutica |9 269473 | |
| 650 | 0 | |a Ciencia del Derecho |9 391907 | |
| 583 | |a last modification |c 19970926 00:00:00 |k Rodrigo Vera | ||
| 999 | |c 262227 |d 262225 | ||
| 952 | |0 0 |1 0 |4 0 |6 340_100000000000000_REA_1982 |7 0 |8 DER_TF |9 290487 |a BIBDER |b BIBDER |d 2019-11-19 |i 1885448 |o 340.1 REA 1982 |p 1885448 |r 2023-01-25 |w 2019-11-19 |x Ubicación 4to Piso |y BK |z Estos recursos deben solicitarse con anticipación |k DER | ||